Piłkarze, którzy rozegrali najwięcej meczów w swoich reprezentacjach - Statystyki

Ogólne statystyki
  • Ten quiz został rozwiązany 26 razy
  • Średni wynik to 8 z 30
Statystyki odpowiedzi
KRAJ PIŁARZ % Poprawnych
Argentyna Lionel Messi
96%
Portugalia Cristiano Ronaldo
88%
Polska Robert Lewandowski
88%
Chorwacja Luka Modric
71%
Hiszpania Sergio Ramos
58%
Włochy Gianluigi Buffon
50%
Dania Christian Eriksen
38%
Francja Hugo Lloris
33%
Austria Marko Arnautovic
33%
Brazylia Cafu
29%
Urugwaj Diego Godin
29%
Korea Południowa Bum-kun Cha / Myung-bo Hong
25%
Szwajcaria Granit Xhaka
21%
Norwegia John Arne Riise
21%
Niemcy Lothar Matthaus
17%
Anglia Peter Shilton
17%
Belgia Jan Vertonghen
13%
Holandia Wesley Sneijder
13%
Stany Zjednoczone Cobi Jones
8%
Kolumbia David Ospina
8%
Ukraina Anatoliy Tymoshchuk
4%
Meksyk Andres Guardado
4%
Kanada Atiba Hutchinson
4%
Ekwador Ivan Hurtado
4%
Australia Mark Schwarzer
4%
Turcja Rustu Recber
4%
Japonia Yasuhito Endo
4%
Senegal Idrissa Gueye
0%
Iran Javad Nekounam
0%
Maroko Noureddine Naybet
0%
Nie znaleziono quizów pasujących do podanych kryteriów
Rozkład punktacji
Procent ludzi z każdym wynikiem
Percentyl według liczby udzielonych odpowiedzi
Twoja historia wyników
Nie rozwiązałeś tego quizu